ÇALINMIŞ HAFIZALAR (Kayıt no. 966498)

MARC ayrıntıları
000 -LEADER
sabit uzunluktaki kontrol alanı 00240nam a2200097Ia 4500
001 - KONTROL NUMARASI
kontrol alanı 966498
005 - EN SON İŞLEMİN TARİH VE ZAMANI
kontrol alanı 20250826220306.0
008 - SABİT-UZUNLUKTA VERİ ÖĞELERİ--GENEL BİLGİ
sabit uzunluktaki kontrol alanı 250824s9999 xx 000 0 und d
245 #0 - ESER / YAZAR
ESER ADI ÇALINMIŞ HAFIZALAR
Yazar Adı TED DEKKER
260 ## - YAYIN, DAĞITIM, VB.
YAYIN EVİ KYRHOS YAYINLARI
Mevcut
Düşüm durumu Kayıp durumu Hasar Durumu Ödünç verilmez Ana kütüphane Geçerli Kütüphane Edinilen tarih Toplam ödünç verme sayısı Barkod Son görüntüleme tarihi Fiyatın geçerli olmaya başladığı tarih Koha materyal türü
        MEHMET TUZA PAKPEN MESLEKİ VE TEKNİK ANADOLU LİSESİ MEHMET TUZA PAKPEN MESLEKİ VE TEKNİK ANADOLU LİSESİ 24.08.2025   10431842 26.08.2025 26.08.2025 Kitaplar
Gemini Bilgi Teknolojileri A.Ş. tarafından düzenlenmiştir.